SpongeBob Quotes Quiz Stats

 Plays Quiz not verified by Sporcle

Score 0/13 Timer 06:00
0 Plays Today
Quoter % Correct
Mrs. Puff
86.8%
Eugene Krabs
82.5%
Spongebob Squarepants
82.5%
SpongeBob Squarepants
81.6%
Sandy Cheeks
80.4%
Man Ray
79.4%
Squidward Tentacles
75.3%
Mermaid Man
65.8%
Sandy Cheeks
57.9%
Patrick Star
57.7%
Karen Plankton
39.5%
Sheldon Plankton
34%
Squilliam Fancyson
21.6%

You're not logged in!

Compare scores with friends on all Sporcle quizzes.
OR
Log In

Show Comments

Extras

Top Quizzes Today


Score Distribution

Your Account Isn't Verified!

In order to create a playlist on Sporcle, you need to verify the email address you used during registration. Go to your Sporcle Settings to finish the process.

Report this User

Report this user for behavior that violates our Community Guidelines.

Details: